00225nam a2200085Ia 450000500170000000800410001724500540005826000100011299900170012220250523150955.0250523s9999 xx 000 0 und d 0aGelincik Diz/Cambaz ParasıcGülten Dayıoğlu bALTIN c11956d11956